00420nam a2200157Ia 4500008004100000020001800041041000800059082001300067100001200080245008400092260003600176300000900212500000700221650001400228700002000242220803s9999 xx 000 0 und d a9781610915465 aeng a721.0284 aLarco N aSite Design For Multifamily Housing : Creating Livable Connected Neighborhoods. aWashingtonbIsland Press c2014 a156p a35 aStandards aKelsey K West A